[Event "ESP-chT Honor Gp2"]
[Site "Montcada"]
[Date "2009.09.19"]
[Round "4.4"]
[White "Berg, Emanuel"]
[Black "Almeida Quintana, Omar"]
[Result "0-1"]
[WhiteElo "2616"]
[BlackElo "2513"]
[Annotator "Berg,E"]
[PlyCount "88"]
[EventDate "2009.09.16"]
[EventType "team-tourn"]
[EventRounds "5"]
[EventCountry "ESP"]
[SourceTitle "CBM 133"]
[Source "ChessBase"]
[SourceDate "2009.11.19"]
[SourceVersion "1"]
[SourceVersionDate "2009.11.19"]
[SourceQuality "1"]

1. e4 g6 2. d4 Bg7 3. Nc3 d6 4. Be3 a6 {With this move we enter the Modern
Defence. This variation has been a favourite of the Swedish GM Tiger Hillarp
Persson, who has played it on a regular basis for many years. It has never
been a very popular opening, but since the release of the Book "Tiger's
Modern" 2005, the opening has grown in popularity.} 5. h4 {This move is a bit
more flexible than} (5. Qd2 b5 6. h4 {which is the move order Tiger mentions
in his Book.}) 5... h6 {By playing this move Black prepares to meet h5 by ...
g5 and doesn't weaken the g5-square.} (5... Nf6 {is also possible, but after}
6. f3 {followed by Qd2 Black has to deal with Bh6 and move the h-pawn in any
case. Moreover Black rather likes to wait with the development of his king's
knight so as not to close the diagonal for his bishop on g7.}) ({The standard
reaction is} 5... h5 {when play usually continues} 6. Qd2 b5 7. Nh3 Nf6 8. f3
Nbd7 (8... Bxh3 {is a possible alternative in order to prevent the knight from
getting into g5. Black is solid but after} 9. Rxh3 $14 {White has the long
term advantage of having the pair of bishops.}) 9. Ng5 Bb7 10. O-O-O {This
position is far from clear but I personally prefer White. Black has problems
to find a safe spot for his king as after ...0-0 White will very soon start a
kingside offensive with g4 at some stage.}) 6. Qd2 (6. Be2 {with the idea of
an early h5 followed by a later f4 has been tried by Motylev. However Black
was doing fine after} b5 7. h5 g5 8. a3 Bb7 9. f4 $6 {This move turned out to
be in Black's favour.} gxf4 10. Bxf4 Nd7 11. Nf3 c5 {1/2-1/2 Motylev,A (2570)
-Badea,B (2460)/Bucharest 2001/CBM 082 (17). when Black was already slightly
better.}) 6... b5 7. O-O-O ({After} 7. h5 g5 8. f4 gxf4 9. Bxf4 $13 {1-0
Miladinovic,I (2630)-Pelagatti,A (2087)/Crema 2004/EXT 2007 (26). Black could
have tried the interesting 8...Nf6!?}) (7. a4 {is a standard reaction to ...b5
which should always be considered. After} b4 8. Nd1 a5 9. c3 bxc3 10. bxc3 {
1-0 Garcia Melgar,J (2291)-Romero,J/Barcelona 2000/CBM 077 ext (55). White is
slightly for preferance.}) 7... Bb7 8. Nh3 $146 {A novelty. Previously only} (
8. f4 {had been played twice, but it doesn't seem to create any problems for
Black.} b4 $1 (8... Nf6 {has also been played but after} 9. e5 Ng4 10. h5 $14 {
1-0 Rubsamen,C (2138)-Rodriguez,R/Dos Hermanas 2003/EXT 2004 (65). my
preference is for White.}) 9. Nce2 Bxe4 10. Ng3 Nf6 11. Qxb4 {0-1 Bugalski,M 
(2250)-Dlugosz,J (2294)/Gdansk 2005/EXT 2008 (37). An unbalanced position has
arisen with chances for both sides.}) (8. f3 $5 {is a possible waiting move
which is likely to transpose to the game.}) 8... Nf6 (8... b4 {might be
tempting but now after} 9. Nd5 $14 {Whte has the upper hand.}) 9. f3 Nbd7 10.
Nf4 ({Here I believe that} 10. g4 {would have been a wiser decision, not to
allow ...h5 for Black as in the game. Allthough nothing seems to be wrong with
the move played, I soon had difficulties in finding a good plan.}) ({The
waiting move} 10. Kb1 {should also be considered.}) 10... c6 (10... h5 $5 {
was interesting, not giving White a second chance to play g4.}) (10... c5 {
should be considered, but might be a bit too early as after} 11. dxc5 {Black
has to take back with the pawn.} dxc5 {Black has some problem with his piece
coordination. White can continue} (11... Nxc5 {is good for White in view of}
12. e5 $1 dxe5 13. Nxg6 Qxd2+ 14. Rxd2 fxg6 15. Bxc5 $14 {when White has a
slight by clear plus due to the better pawn structure.}) 12. Kb1 Qc7 13. g4 Rd8
14. Bg2 {when White has completed his development, while Black still has to
make up his mind about where to put his King.}) 11. Kb1 ({Once again} 11. g4 {
is preferable.}) 11... h5 $1 {This move came somewhat surprisingly and made me
fall into deep thought, still being unable to come up with a good plan.} 12.
Qf2 {Now ...c5 is prevented and e5 becomes a threat. However the question
still remains about "What to do next"?} ({My first intention during the game
was to play} 12. Nh3 {followed by Ng5. However this would transpose to the
line mentioned after 5...h5 with the differences that White has played Kb1
instead of Ng5 and Black has the important extra tempo ...c6. With this in
mind I had great difficulties to retreat with the knight to h3, allthough it
might well be the best move.}) (12. Nd3 $5) 12... Qc7 13. Nd3 {Once again
preventing ...c5 and preparing the advance e5.} Nb6 14. e5 {This move gives
Black the d5-square for his knights as well as weakening the light squares
along the diagonal c8-h3. This make it possible for Black to activate his
passive bishop on b7, bringing it to f5 via c8. The triumphs for White are the
space advantage and the absence of the black bishop on g7.} Nfd5 15. Nxd5 Nxd5
16. f4 $2 {This move is simply a positional error since White will not be able
to push through f4-f5. Now the white bishop on e3 becomes a dead piece and
there are no active plans whatsoever.} ({Instead White should have played} 16.
Re1 $1 {preparing Bd2 and keeping the option of g2-g4 open. Black hasn't any
problems here, but at least White should not be worse.} Nxe3 (16... O-O-O 17.
Bd2 Kb8 18. g3 Bc8 19. Bh3 Bxh3 20. Rxh3 $132) 17. Qxe3 $14) 16... Bc8 $1 {
Now it becomes clear who is better. Black is intending to put his bishop on f5
and has full control of the position. Still White is far from hopeless, but
from a practical point of view Black has very good chances as he can follow up
with an easy move while White has to be very careful.} 17. g3 Bf5 18. Bg2 (18.
Bh3 {would have been better in order to exchange off the black bishop at once.}
) 18... a5 {Black starts a kingside attack that very soon might be very
dangerous for White.} 19. Qe2 b4 20. Bd2 Kf8 $5 {A very surprising decision by
Black. Now both the rook on h8 and the bishop on g7 are out of the game for
some time. Still, this doesn't change the assessment of the position, but
gives White some extra time.} ({My opponent might not have liked} 20... O-O 21.
Be4 {when White gets some counterplay.} Bg4 22. Bf3 Bxf3 23. Qxf3 Qa7 24. Qe4
b3 $1) 21. Be4 Qb6 {A clever move that threatens the pawn on d4 as well as ...
Nc3+.} 22. Bxf5 gxf5 23. Be3 $6 {This move protects the material for the
moment, but doesn't help much against the black kingside attack.} ({An
interesting alternative would have been to sacrifice a pawn by} 23. Ne1 $1 {
in order to improve the position of the knight.} Qxd4 ({Now after} 23... Nc3+
24. Bxc3 bxc3 25. b3 a4 26. Qc4 {White will soon capture the c3-pawn.}) 24. Nf3
Qb6 (24... Qe4 $2 {is a mistake in view of the trick} 25. Qf1 $1 {threatening
Re1 when gets into difficulties.} Nb6 (25... Ne3 26. Bxe3 Qxe3 27. Ng5 $36 {
gives White a strong initiative.}) 26. Bc1 dxe5 27. Qa6 $1 Bf6 28. Qxb6 Qxf3
29. Rhf1 $36) 25. Qd3 $132) 23... a4 24. Ka1 b3 {This move came as a surprise
to me.} ({I was expecting} 24... a3 {when I had prepared an exchange sacrifice
after} 25. b3 Nc3 26. Qf2 Nxd1 (26... Rh6 $5 $15 {might be stronger.}) 27. Rxd1
{but my opponent probably wanted more than this from his promising position.
Here White's king is relatively safe and the extra exchange doesn't mean too
much in this closed position. Moreover Black might also get problems with his
b4-pawn after Bd2.}) 25. a3 $2 {After having played ths move I was down to 10
minutes on the clock to complete the time control of 40 moves. Unfortunately I
realised one move later that I had overlooked an important detail.} (25. c4 {
also came to my mind, but I was worried about} a3 $1 {which looks very nasty
for White.} 26. Rd2 (26. cxd5 {loses on the spot after} axb2+ 27. Nxb2 Rxa2+
28. Kb1 Qa5 $19) 26... axb2+ 27. Rxb2 Nc3 {and Black wins.}) ({After} 25. cxb3
axb3 26. a3 {I couldn't see anything killing White immediately, but when his
other rook comes into action it will be hard to resist.}) (25. Bf2 $1 {was the
right way to follow} bxa2 (25... Qb5 26. a3 bxc2 27. Rc1 {is fine for White.})
26. c4 {when things are not so clear.}) 25... bxc2 26. Rde1 ({My original idea
was} 26. Rd2 Qb3 27. Rc1 {but now} Nc3 $1 {wins immediately, which I had
overlooked when playing 25.a3.}) (26. Rc1 $5 {In the event of} Qb3 $6 {White
might get very strong counterplay} (26... dxe5 27. fxe5 Nxe3 28. Qxe3 Bh6 29.
Nf4 Qb3 {with ...Rg8 to follow and Black retains the advantage.}) 27. Bd2 $1 {
[%cal Gd2e1]} (27. Rxc2 Nxe3 28. Rc3 Qd5 $19) (27. Qd2 Nxe3 28. Qxe3 dxe5 29.
fxe5 Bh6 $19) 27... Qc4 28. Be1 Qxd4 29. Qxc2 c5 $2 30. Bf2 Qe4 31. exd6 exd6
32. Rce1 Qf3 33. Bxc5 dxc5 34. Rhf1 $18 {and regaining the knight on d5 White
has a won position.}) 26... Rb8 (26... Qb3 27. Nc1 Qxe3 28. Qxe3 Nxe3 29. Rxe3
c5 30. dxc5 dxe5 31. fxe5 Rd8 $15) 27. Qxc2 Nxe3 28. Rxe3 Qxd4 29. Rhe1 (29.
Re2 {followed by Rd1 would have been a better try.}) 29... c5 $1 30. Nf2 {
Threatening to trap the black queen with Rd3.} c4 $1 (30... dxe5 $2 31. Rd3 {
[%csl Rd4] forces Black to give up material with} Qxb2+ 32. Qxb2 e4 33. Rc3
Rxb2 34. Kxb2 Ke8 35. Nd1 Kd7 36. Kc2 Bxc3 37. Nxc3 $14) 31. Nd1 dxe5 (31... d5
) 32. fxe5 e6 33. Rc3 Rc8 (33... Bxe5 34. Rxc4 Qd6 35. Rxa4 {gives White some
practical chances.} (35. Rc6 $2 Qxa3+ 36. Kb1 Qxg3 $19)) 34. Ne3 Qxe5 35. Re2
Qxg3 {A slight surprise. The safest route to victory seem to be} (35... Qe4 {
forcing the exchange of queens with a superior endgame for Black e.g.} 36. Qxe4
fxe4 37. Rxc4 Rxc4 38. Nxc4 f5 39. Nb6 Kf7 (39... Be5 $4 40. Nd7+ $1 $16) 40.
Ka2 (40. Nxa4 Ra8 $1 $19 {[%csl Ra3][%cal Yg7a1]}) 40... Be5 41. Nxa4 Bxg3 $19)
36. Rxc4 Rxc4 37. Nxc4 (37. Qxc4 Kg8 38. Qxa4 Kh7 $17 {[%csl Ra1,Gg7][%cal
Gh8b8] Now Black has coordinated his pieces and should win relatively simply.})
37... Kg8 $1 (37... Qb3 {would have created unnecessary complictions for Black
after} 38. Qd2 $1 {However Black still wins after} Bf6 $1 $19 (38... Kg8 $2 {
is well met by} 39. Rg2 {when it is difficult for Black to avoid perpetual
checks.} Qxc4 40. Rxg7+ Kf8 41. Qd8+ $1 Kxg7 42. Qg5+ Kh7 43. Qxh5+ Kg7 44.
Qg5+ $11)) 38. Qxa4 Kh7 39. Qa7 $4 {This loses on the spot, but it was too
late anyway.} (39. Qd7 {is well met by} Qg4 $1 (39... Qxh4 $2 40. Qxf7 {
gives White counterplay.}) (39... Rf8 $19) 40. Qd3 Qxh4 $19) 39... Qd3 $1 {
Now the situation is hopeless for White as after 40.Qxf7 Qxe2 the h5-pawn is
protected and there are no perpetuals for White.} 40. Re1 Qxc4 41. Qxf7 Ra8 42.
Qxh5+ Kg8 43. Qf3 Bxb2+ $1 44. Kb1 Rc8 (44... Rxa3 $1 $19) 0-1

[Event "Gothenburg Manhem"]
[Site "Gothenburg"]
[Date "2011.08.21"]
[Round "9"]
[White "Berg, Emanuel"]
[Black "Hillarp Persson, Tiger"]
[Result "1/2-1/2"]
[WhiteElo "2604"]
[BlackElo "2547"]
[Annotator "Berg,E"]
[PlyCount "93"]
[EventDate "2011.08.13"]
[EventType "tourn"]
[EventRounds "9"]
[EventCountry "SWE"]
[EventCategory "10"]
[SourceTitle "CBM 143 Extra"]
[Source "ChessBase"]
[SourceDate "2011.08.29"]
[SourceVersion "1"]
[SourceVersionDate "2011.08.29"]
[SourceQuality "1"]

1. e4 g6 2. Nc3 Bg7 3. d4 d6 4. Be3 c6 {Slightly surprisingly Tiger chooses
not to play "Tiger's Modern" with ...a6 (which he wrote a book about a few
years ago).} 5. Qd2 b5 6. h4 {This has for a long time been my favourite move
both against the Modern with ...a6 and ...c6, but here trying to do without ...
a6 Black hopes to get a better version.} h5 7. Nh3 ({In order to avoid the
exchange on h3 as in the game} 7. Nf3 {is an interesting option that was
mentioned by Tiger after the game.} {Now after the logical continuation} Nf6 8.
Ng5 Ng4 {White can continue} 9. Bf4 ({but also} 9. a4 b4 10. Nd1 {[%cal Gf1c4]
planning Bc4 is interesting. In the event of an exchange on e3, White might
very well take back with the pawn to make use of the half open f-file.})) 7...
Bxh3 {Black gives the pair of bishops to White, but in return he gets quicker
development and doesn't have to worry about that annoying N on g5.} 8. Rxh3 Nf6
9. f3 Nbd7 10. g3 $146 {The idea behind this move is simply to prepare the
development for the white bishop to h3. Having the pair of bishops I felt I
didn't need to hurry, but could slowly improve my position since an opening of
the position would normally suit the bishops well. It should also be said that
playing the last round of the tournament I was a half point ahead of my only
contender for the first place. With this in mind I was rather happy to be
playing a slow strategic battle, not involving too many risks.} ({I have
previously tried} 10. O-O-O {as well as}) (10. Bd3 {with positive results on
both occasions.}) ({Another move worth mentioning is} 10. Nd1 {which has
scored very well for White. The idea is to regroup the N to f2 where it will
protect the e4-pawn and prepare the g4 break.}) 10... Qc7 11. Rh1 Nb6 {Black
might now very well move to c4 in the next move, so I decided to prevent this
move.} 12. b3 {A slight weakening, but a necessity in order to control the b3
square. This also reduced the mobility of the N on b6.} a5 (12... O-O $5 13.
Bd3 Rfe8 {[%cal Ge7e5] with the same ideas as in the game was perhaps more to
the point.}) 13. Kf2 {The white king is castling artificially behind the f3-
and g3-pawns.} O-O {Black is no longer worried about any kingside offensive
from White and decides to castle himself.} 14. Bd3 Rfe8 {Black prepares to
open the centre with ...e5.} 15. Ne2 e5 16. dxe5 Rxe5 17. Kg2 Ree8 {Preparing .
..d5.} 18. Nf4 ({In the event of} 18. Rad1 {Black would follow} d5 19. e5 Nfd7
({Even} 19... Rxe5 {is possible when} 20. Bf4 {wins an exchange, but Black has
compensation after} Nfd7) 20. f4 {with an interesting battle ahead.}) 18... d5
{This move forces some exchanges and equalises the game.} 19. Bxb6 (19. Qf2 $5
{was a possible way to make the game more interesting.} Nfd7 (19... Rab8 20.
Bxb6 Qxb6 21. Qxb6 Rxb6 22. exd5 Nxd5 23. Nxd5 cxd5 24. Rae1 $14) (19... Nbd7
20. exd5 Nxd5 21. Nxd5 cxd5 22. Rad1) 20. exd5 Bxa1 21. Rxa1 $44) 19... Qxb6
20. exd5 cxd5 (20... Nxd5 21. Nxd5 cxd5 {looked simpler to me when} 22. Rae1 b4
23. Rxe8+ Rxe8 24. Re1 Rxe1 25. Qxe1 Bd4 {is completely drawish.}) 21. Rae1 b4
{Now Black offered a draw which would secure the tournament victory for me.
However I felt that I at least had some symbolic advantage in view of the
isolated d5-pawn and decided to play a few more moves to try my luck.} 22.
Rxe8+ Rxe8 23. Re1 Rxe1 24. Qxe1 Bf8 $1 {A strong regrouping move which
creates counterplay against White's king.} 25. Qe5 Bc5 $1 {Planning ...Bg1} 26.
Ne2 (26. Nxd5 $4 {would be a fatal error in view of} Nxd5 27. Qxd5 Bg1 {
[%csl Rg2] when White is completely lost.}) 26... Qd6 {Forcing the exchange of
queens resulting in a drawn endgame.} 27. Qxd6 Bxd6 28. Nd4 Kf8 29. Bb5 Bc7 30.
Nc6 Ng8 31. Kh3 Ne7 32. Nd4 Be5 33. Ne2 Nf5 34. g4 Nd4 35. Nxd4 Bxd4 36. Bc6
Bf2 37. Bxd5 Kg7 38. Be4 Be1 39. Bd3 Kh6 40. g5+ Kg7 41. f4 f5 42. Bb5 Kf7 43.
Ba4 Ke7 44. Bc6 Bd2 45. Kg3 Be1+ 46. Kh3 Bd2 47. Kg3 {(=)} 1/2-1/2

[Event "Buenos Aires Najdorf"]
[Site "Buenos Aires"]
[Date "1991.??.??"]
[Round "9"]
[White "Fedorowicz, John P"]
[Black "Larsen, Bent"]
[Result "1-0"]
[WhiteElo "2555"]
[BlackElo "2560"]
[Annotator "Blatny,P"]
[PlyCount "119"]
[EventDate "1991.04.??"]
[EventType "tourn"]
[EventRounds "13"]
[EventCountry "ARG"]
[EventCategory "11"]
[SourceTitle "CBM 024"]
[Source "ChessBase"]
[SourceDate "1991.10.01"]
[SourceVersion "1"]
[SourceVersionDate "1991.10.01"]
[SourceQuality "1"]

1. e4 c5 2. Nf3 g6 3. c3 (3. d4 {--> Hector-Larsen CBM24}) (3. Bc4 Bg7 4. O-O
Nc6 5. c3 d6 6. d4 Nf6 7. e5 (7. d5 Na5 8. Bd3 c4 9. Bc2 O-O 10. b4 $1 $14)
7... dxe5 8. Nxe5 Nxe5 (8... O-O 9. Nxc6 bxc6 10. dxc5 Qc7 11. Nd2 Bf5 12. Qe2
$16) 9. dxe5 Qxd1 10. Rxd1 Nd7 11. f4 {()}) (3. c4 Bg7 4. d4 cxd4 5. Nxd4 Nc6
6. Be3 {--> B38 Key}) 3... d5 $6 (3... Bg7 $142 {--> Plaskett-Larsen CBM24}) 4.
exd5 Qxd5 5. d4 {1.e4 c5 2.c3 d5 3.ed Qd5 4.d4 g6 5.Nf3} Bg7 6. Be3 (6. dxc5
Qxd1+ {+/=/~/=}) 6... cxd4 7. cxd4 Nf6 8. Nc3 Qa5 9. Bc4 O-O 10. h3 Nbd7 11.
O-O Nb6 12. Bb3 Nbd5 13. Bd2 Qd8 14. Re1 b6 15. Bg5 Bb7 16. Ne5 Nxc3 17. bxc3
Rc8 18. c4 Ne4 19. Bf4 e6 20. Qd3 Nd6 21. Rad1 Ba6 22. Rc1 Re8 23. Red1 f6 24.
Nf3 Nb7 25. Ba4 Re7 26. Bb5 Bxb5 27. cxb5 Rxc1 28. Rxc1 Qd5 29. Qa3 Kf7 30.
Qxa7 Qxb5 31. Rc7 Qb1+ 32. Kh2 Qe4 33. Rxe7+ Kxe7 34. Qb8 g5 35. Bd2 Kf7 $4 36.
Bxg5 Bf8 37. Bf4 Qc6 38. Bg3 b5 39. Qf4 Kg7 40. Qg4+ Kf7 41. Qh4 Kg7 42. Bf4
Kg6 43. Qg4+ Kf7 44. Qh5+ Kg8 45. Qh4 Bg7 46. Bh6 Nd6 47. Bxg7 Kxg7 48. Qg4+
Kf7 49. Qh5+ Kg7 50. Qc5 Qd5 51. Qxd5 exd5 52. Ne1 Ne4 53. Nd3 Kf7 54. Nb4 Nc3
55. Kg3 Ne2+ 56. Kg4 Nxd4 57. Nxd5 Ke6 58. Nb4 Kd6 59. Kh5 Kc5 60. a3 1-0